Normal view
MARC view
- Constuction Engineering and Management MS-Thesis.
Entry Topical Term
001 - CONTROL NUMBER
- control field: 30118
003 - CONTROL NUMBER IDENTIFIER
- control field: NUST
005 - DATE AND TIME OF LATEST TRANSACTION
- control field: 20200916112433.0
008 - FIXED-LENGTH DATA ELEMENTS
- fixed length control field: 200916|| aca||aabn | a|a d
040 ## - CATALOGING SOURCE
- Original cataloging agency: NUST
- Transcribing agency: NUST
150 ## - HEADING--TOPICAL TERM
- Topical term or geographic name entry element: Constuction Engineering and Management MS-Thesis.
670 ## - SOURCE DATA FOUND
- Source citation: Work cat.: (NUST): Ahmad, Tayyab 30117, An Integrated Decision-Making Framework for Sustainable Residential Building Design using BIM /, 2015.
